Ak nás Dašková vodí po krajine slov.../inc./

Bibliographic Details
Main Author: Petrík, Vladimír, 1929-2017 (Author)
Format: Article
Language:Slovak
PhysicalDescription:Nedeľa, príloha Nového slova, č. 18, s. 6-7.
Subjects:

MARC

LEADER 00000cab a2200000 a 4500
001 vtls000138877
003 SK-MaSNL
005 20260303221615.0
008 111104|1982 xo ||||s|| || 0||slo|
015 |a SNBRB19rr/mm-uuuuu 
035 |a CL0148983 
040 |a SNKBUCL  |b slo  |c SNKBUCL  |e AACR2 
041 0 |a slo 
044 |a xo  |c SK 
080 |a 82.09:82.06(048)  |2 1981 
080 |a 82.06(048)  |2 1981 
100 1 |a Petrík, Vladimír,  |d 1929-2017  |4 aut  |9 171168 
245 1 0 |a Ak nás Dašková vodí po krajine slov.../inc./  |c Vladimír Petrík 
300 |b Nedeľa, príloha Nového slova, č. 18, s. 6-7. 
500 |a V rubrike Panoráma. Pod spoločným názvom Štyrikrát literatúra faktu. 
600 1 7 |a Žáry, Ivan,  |d 1951-  |t Rozumom i srdcom  |2 snkbucl  |9 1255305 
650 0 7 |a eseje literárne  |2 snkbucl  |9 924251 
650 0 7 |a eseje publicistické  |2 snkbucl  |9 1200148 
655 7 |a články z novín a časopisov  |2 snkbucl  |9 267496 
655 7 |a články z odboru literárna veda a krásna literatúra  |2 snkbucl  |9 770045 
655 7 |a recenzie  |2 SNKPH  |9 21907 
773 0 |t Nové slovo  |g Roč. 24, č. 40 (1982) 
773 0 8 |i Príloha  |t Nedeľa  |g Roč. 1, č. 18 (1982), s. 6-7 
787 0 8 |i Recenzia:  |a Žáry, Ivan  |t Rozumom i srdcom  |d Praha : Novinář, 1981 
850 |a Slovenská národná knižnica v Martine  |a MTA001 
852 |a SNK  |b KIS3GCP 
958 |a RK 
958 |a LX 
958 |a PETRIKArc/1982 
992 |a RBX 
999 |c 2235021  |d 2236951